Law and Economics, Vol. 1: Theory (Record no. 3513)

000 -LEADER
fixed length control field 00398nam a2200157Ia 4500
008 - FIXED-LENGTH DATA ELEMENTS--GENERAL INFORMATION
fixed length control field 200103s9999||||xx |||||||||||||| ||und||
020 ## - INTERNATIONAL STANDARD BOOK NUMBER
International Standard Book Number 9788132110095
082 ## - DEWEY DECIMAL CLASSIFICATION NUMBER
Classification number Column-5
100 ## - MAIN ENTRY--PERSONAL NAME
Personal name Gangopadhyay, Shubhashis and Santhakumar, V.
245 #0 - TITLE STATEMENT
Title Law and Economics, Vol. 1: Theory
250 ## - EDITION STATEMENT
Edition statement Vol. 1
260 ## - PUBLICATION, DISTRIBUTION, ETC. (IMPRINT)
Name of publisher, distributor, etc SAGE Publications
Date of publication, distribution, etc 2013
300 ## - PHYSICAL DESCRIPTION
Extent 174
942 ## - ADDED ENTRY ELEMENTS (KOHA)
Item type Books

No items available.

Copyright © 2021 Indian Maritime University, Mumbai Port Campus. All Rights Reserved. Managed & Maintained by Central Library, IMU-Mumbai

webs counters

Powered by Koha